[Event "Stay Safe Play From Home 327"]
[Site "Mustafa Kemal Atatürk"]
[Date "2020.07.23"]
[Round "2"]
[White "Haris kollari 13"]
[Black "Timbre"]
[Result "1-0"]
[WhiteElo "1835"]
[BlackElo "1657"]
[Annotator "NA"]
[PlyCount "73"]
[EventDate "2020.07.23"]
[EventType "swiss (blitz)"]

1. e4 {[%emt 0:00:01]} c6 {[%emt 0:00:04]} 2. d4 {[%emt 0:00:05]} d5 {[%emt 0:00:01]} 3. e5 {[%emt 0:00:01]} Bf5 {[%emt 0:00:02]} 4. c3 {[%emt 0:00:01]} e6 {[%emt 0:00:01]} 5. Bd3 {[%emt 0:00:01]} Bg6 {[%emt 0:00:03]} 6. Ne2 {[%emt 0:00:03]} a6 {[%emt 0:00:01]} 7. O-O {[%emt 0:00:09]} c5 {[%emt 0:00:02]} 8. Be3 {[%emt 0:00:04]} cxd4 {[%emt 0:00:02]} 9. cxd4 {[%emt 0:00:02]} Nc6 {[%emt 0:00:02]} 10. a3 {[%emt 0:00:02]} Be7 {[%emt 0:00:02]} 11. Nbc3 {[%emt 0:00:01]} Bg5 {[%emt 0:00:04]} 12. f4 {[%emt 0:00:02]} Bh6 {[%emt 0:00:03]} 13. Qd2 {[%emt 0:00:02]} Nge7 {[%emt 0:00:03]} 14. g4 {[%emt 0:00:01]} Bxd3 {[%emt 0:00:08]} 15. Qxd3 {[%emt 0:00:01]} g6 {[%emt 0:00:01]} 16. h4 {[%emt 0:00:04]} O-O {[%emt 0:00:03]} 17. Kg2 {[%emt 0:00:03]} Na5 {[%emt 0:00:05]} 18. Rad1 {[%emt 0:00:08]} Nc4 {[%emt 0:00:02]} 19. Bc1 {[%emt 0:00:01]} b5 {[%emt 0:00:05]} 20. Rh1 {[%emt 0:00:02]} Rb8 {[%emt 0:00:13]} 21. h5 {[%emt 0:00:02]} Bg7 {[%emt 0:00:04]} 22. Ng3 {[%emt 0:00:07]} b4 {[%emt 0:00:05]} 23. axb4 {[%emt 0:00:02]} Rxb4 {[%emt 0:00:02]} 24. Nge2 {[%emt 0:00:15]} Nxb2 {[%emt 0:00:07]} 25. Bxb2 {[%emt 0:00:02]} Rxb2 {[%emt 0:00:02]} 26. Qh3 {[%emt 0:00:02]} h6 {[%emt 0:00:09]} 27. Ra1 {[%emt 0:00:15]} Qb6 {[%emt 0:00:10]} 28. Qd3 {[%emt 0:00:06]} Rb8 {[%emt 0:00:09]} 29. Rxa6 {[%emt 0:00:05]} Qb7 {[%emt 0:00:15]} 30. hxg6 {[%emt 0:00:03]} Nxg6 {[%emt 0:00:04]} 31. Kg3 {[%emt 0:00:05]} Qb4 {[%emt 0:00:23]} 32. f5 {[%emt 0:00:08]} exf5 {[%emt 0:00:06]} 33. gxf5 {[%emt 0:00:02]} Nxe5 {[%emt 0:00:09]} 34. dxe5 {[%emt 0:00:07]} Bxe5+ {[%emt 0:00:04]} 35. Kf3 {[%emt 0:00:01]} Bxc3 {[%emt 0:00:02]} 36. Nxc3 {[%emt 0:00:07]} Rb3 {[%emt 0:00:02]} 37. Rc6 {[%emt 0:00:06] Time (Lag: Av=0.51s, max=0.8s)} 1-0

[Event "Stay Safe Play From Home 327"]
[Site "Mustafa Kemal Atatürk"]
[Date "2020.07.23"]
[Round "2"]
[White "Tunca"]
[Black "Haxhi Baha"]
[Result "0-1"]
[WhiteElo "1746"]
[BlackElo "1912"]
[Annotator "NA"]
[PlyCount "44"]
[EventDate "2020.07.23"]
[EventType "swiss (blitz)"]

1. e4 {[%emt 0:00:09]} e6 {[%emt 0:00:01]} 2. d4 {[%emt 0:00:01]} d5 {[%emt 0:00:00]} 3. Nd2 {[%emt 0:00:02]} c5 {[%emt 0:00:01]} 4. Ngf3 {[%emt 0:00:10]} Nc6 {[%emt 0:00:02]} 5. exd5 {[%emt 0:00:03]} Qxd5 {[%emt 0:00:00]} 6. Bc4 {[%emt 0:00:03]} Qd8 {[%emt 0:00:01]} 7. Nb3 {[%emt 0:00:05]} cxd4 {[%emt 0:00:01]} 8. Nbxd4 {[%emt 0:00:01]} Nf6 {[%emt 0:00:02]} 9. O-O {[%emt 0:00:04]} Bc5 {[%emt 0:00:01]} 10. Nb3 {[%emt 0:00:12]} Qxd1 {[%emt 0:00:00]} 11. Rxd1 {[%emt 0:00:01]} Bb6 {[%emt 0:00:04]} 12. a4 {[%emt 0:00:12]} a5 {[%emt 0:00:09]} 13. Nbd4 {[%emt 0:00:05]} Bd7 {[%emt 0:00:07]} 14. Nb5 {[%emt 0:00:02]} Ne4 {[%emt 0:00:15]} 15. Be3 {[%emt 0:00:13]} Bxe3 {[%emt 0:00:01]} 16. fxe3 {[%emt 0:00:00]} Ke7 {[%emt 0:00:02]} 17. Bd3 {[%emt 0:00:12]} Nc5 {[%emt 0:00:02]} 18. Rf1 {[%emt 0:00:11]} f6 {[%emt 0:00:06]} 19. Bc4 {[%emt 0:00:10]} Nb4 {[%emt 0:00:05]} 20. c3 {[%emt 0:00:04]} Nc2 {[%emt 0:00:01]} 21. Rac1 {[%emt 0:00:08]} Nxe3 {[%emt 0:00:01]} 22. Rfe1 {[%emt 0:00:01]} Nxc4 {[%emt 0:00:01] Tunca resigns (Lag: Av=0.65s, max=1.1s)} 0-1

[Event "Stay Safe Play From Home 327"]
[Site "Mustafa Kemal Atatürk"]
[Date "2020.07.23"]
[Round "2"]
[White "Klasman"]
[Black "Ionelluca"]
[Result "0-1"]
[WhiteElo "1489"]
[BlackElo "1856"]
[Annotator "NA"]
[PlyCount "26"]
[EventDate "2020.07.23"]
[EventType "swiss (blitz)"]

1. f4 {[%emt 0:00:05]} e5 {[%emt 0:00:01]} 2. fxe5 {[%emt 0:00:04]} d6 {[%emt 0:00:01]} 3. Nf3 {[%emt 0:00:01]} dxe5 {[%emt 0:00:02]} 4. e4 {[%emt 0:00:01]} Nf6 {[%emt 0:00:02]} 5. Bc4 {[%emt 0:00:05]} Bc5 {[%emt 0:00:03]} 6. Nxe5 {[%emt 0:00:05]} Be6 {[%emt 0:00:03]} 7. Bxe6 {[%emt 0:00:04]} fxe6 {[%emt 0:00:01]} 8. d4 {[%emt 0:00:05]} Bxd4 {[%emt 0:00:04]} 9. Nf3 {[%emt 0:00:09]} Nc6 {[%emt 0:00:04]} 10. Nxd4 {[%emt 0:00:03]} Qxd4 {[%emt 0:00:01]} 11. Qxd4 {[%emt 0:00:05]} Nxd4 {[%emt 0:00:01]} 12. c3 {[%emt 0:00:04]} Nc2+ {[%emt 0:00:02]} 13. Ke2 {[%emt 0:00:09]} Nxa1 {[%emt 0:00:01] Klasman resigns (Lag: Av=0.54s, max=0.8s)} 0-1

[Event "Stay Safe Play From Home 327"]
[Site "Mustafa Kemal Atatürk"]
[Date "2020.07.23"]
[Round "3"]
[White "SelamiSahin"]
[Black "Sfantul321"]
[Result "1-0"]
[WhiteElo "2008"]
[BlackElo "1972"]
[Annotator "NA"]
[PlyCount "79"]
[EventDate "2020.07.23"]
[EventType "swiss (blitz)"]

1. e4 {[%emt 0:00:03]} g6 {[%emt 0:00:01]} 2. d4 {[%emt 0:00:02]} Bg7 {[%emt 0:00:00]} 3. c3 {[%emt 0:00:04]} d6 {[%emt 0:00:07]} 4. Nf3 {[%emt 0:00:03]} Nf6 {[%emt 0:00:01]} 5. Bd3 {[%emt 0:00:02]} Bg4 {[%emt 0:00:01]} 6. h3 {[%emt 0:00:04]} Bxf3 {[%emt 0:00:01]} 7. Qxf3 {[%emt 0:00:01]} Nc6 {[%emt 0:00:01]} 8. Bg5 {[%emt 0:00:06]} O-O {[%emt 0:00:01]} 9. Nd2 {[%emt 0:00:04]} h6 {[%emt 0:00:01]} 10. Bh4 {[%emt 0:00:03]} e5 {[%emt 0:00:03]} 11. d5 {[%emt 0:00:02]} Nb8 {[%emt 0:00:01]} 12. O-O {[%emt 0:00:04]} Nbd7 {[%emt 0:00:01]} 13. a4 {[%emt 0:00:08]} Qc8 {[%emt 0:00:03]} 14. Nc4 {[%emt 0:00:04]} Nh5 {[%emt 0:00:03]} 15. Be7 {[%emt 0:00:06]} Re8 {[%emt 0:00:01]} 16. Bxd6 {[%emt 0:00:01]} Nf4 {[%emt 0:00:11]} 17. Ba3 {[%emt 0:00:07]} Nb6 {[%emt 0:00:09]} 18. b3 {[%emt 0:00:04]} Kh7 {[%emt 0:00:06]} 19. Rac1 {[%emt 0:00:07]} Nxd3 {[%emt 0:00:05]} 20. Qxd3 {[%emt 0:00:01]} f5 {[%emt 0:00:01]} 21. d6 {[%emt 0:00:08]} fxe4 {[%emt 0:00:06]} 22. Qxe4 {[%emt 0:00:00]} Nxc4 {[%emt 0:00:02]} 23. bxc4 {[%emt 0:00:03]} cxd6 {[%emt 0:00:01]} 24. Bxd6 {[%emt 0:00:02]} Qd7 {[%emt 0:00:01]} 25. Rfd1 {[%emt 0:00:04]} Qxa4 {[%emt 0:00:02]} 26. Qxb7 {[%emt 0:00:03]} Rad8 {[%emt 0:00:04]} 27. c5 {[%emt 0:00:06]} Rd7 {[%emt 0:00:07]} 28. Qd5 {[%emt 0:00:03]} Rc8 {[%emt 0:00:04]} 29. Ra1 {[%emt 0:00:03]} Qc6 {[%emt 0:00:09]} 30. Qe6 {[%emt 0:00:03]} Rcd8 {[%emt 0:00:08]} 31. Ra2 {[%emt 0:00:05]} e4 {[%emt 0:00:07]} 32. Re2 {[%emt 0:00:03]} Bxc3 {[%emt 0:00:02]} 33. Rxe4 {[%emt 0:00:03]} Bg7 {[%emt 0:00:01]} 34. Rg4 {[%emt 0:00:03]} g5 {[%emt 0:00:01]} 35. h4 {[%emt 0:00:02]} a5 {[%emt 0:00:13]} 36. hxg5 {[%emt 0:00:03]} h5 {[%emt 0:00:06]} 37. g6+ {[%emt 0:00:03]} Kh8 {[%emt 0:00:01]} 38. Rh4 {[%emt 0:00:01]} Bc3 {[%emt 0:00:13]} 39. Rxh5+ {[%emt 0:00:02]} Kg7 {[%emt 0:00:01]} 40. Rh7# {[%emt 0:00:01] (Lag: Av=0.43s, max=0.6s)} 1-0

[Event "Stay Safe Play From Home 327"]
[Site "Mustafa Kemal Atatürk"]
[Date "2020.07.23"]
[Round "3"]
[White "Ionelluca"]
[Black "Tunca"]
[Result "1-0"]
[WhiteElo "1860"]
[BlackElo "1746"]
[Annotator "NA"]
[PlyCount "63"]
[EventDate "2020.07.23"]
[EventType "swiss (blitz)"]

1. c4 {[%emt 0:00:04]} e5 {[%emt 0:00:02]} 2. Nc3 {[%emt 0:00:03]} Nf6 {[%emt 0:00:02]} 3. g3 {[%emt 0:00:01]} d5 {[%emt 0:00:01]} 4. cxd5 {[%emt 0:00:01]} Nxd5 {[%emt 0:00:00]} 5. Bg2 {[%emt 0:00:01]} Nb6 {[%emt 0:00:00]} 6. d3 {[%emt 0:00:01]} Nc6 {[%emt 0:00:01]} 7. Be3 {[%emt 0:00:01]} Be7 {[%emt 0:00:03]} 8. Rc1 {[%emt 0:00:01]} Be6 {[%emt 0:00:02]} 9. a3 {[%emt 0:00:02]} Nd5 {[%emt 0:00:04]} 10. Ne4 {[%emt 0:00:02]} Nxe3 {[%emt 0:00:02]} 11. fxe3 {[%emt 0:00:01]} f5 {[%emt 0:00:08]} 12. Nc5 {[%emt 0:00:01]} Bd5 {[%emt 0:00:12]} 13. Nxb7 {[%emt 0:00:19]} Bxg2 {[%emt 0:00:14]} 14. Nxd8 {[%emt 0:00:02]} Nxd8 {[%emt 0:00:04]} 15. Nf3 {[%emt 0:00:08]} Bxh1 {[%emt 0:00:01]} 16. Rxc7 {[%emt 0:00:06]} Ne6 {[%emt 0:00:20]} 17. Qa4+ {[%emt 0:00:07]} Kf8 {[%emt 0:00:10]} 18. Rxa7 {[%emt 0:00:14]} Rxa7 {[%emt 0:00:02]} 19. Qxa7 {[%emt 0:00:01]} Bxf3 {[%emt 0:00:07]} 20. exf3 {[%emt 0:00:03]} Kf7 {[%emt 0:00:01]} 21. b4 {[%emt 0:00:08]} Rc8 {[%emt 0:00:06]} 22. Kd2 {[%emt 0:00:03]} Rc7 {[%emt 0:00:01]} 23. Qb6 {[%emt 0:00:06]} Rd7 {[%emt 0:00:07]} 24. Ke2 {[%emt 0:00:02]} Rd6 {[%emt 0:00:08]} 25. Qb7 {[%emt 0:00:03]} Rd8 {[%emt 0:00:14]} 26. Qb5 {[%emt 0:00:01]} Ra8 {[%emt 0:00:03]} 27. Qxe5 {[%emt 0:00:02]} Rxa3 {[%emt 0:00:06]} 28. Qxf5+ {[%emt 0:00:01]} Bf6 {[%emt 0:00:00]} 29. f4 {[%emt 0:00:07]} Ra2+ {[%emt 0:00:03]} 30. Kf3 {[%emt 0:00:01]} Rxh2 {[%emt 0:00:02]} 31. Qd5 {[%emt 0:00:05]} Be7 {[%emt 0:00:11]} 32. f5 {[%emt 0:00:02] Tunca resigns (Lag: Av=0.56s, max=0.9s)} 1-0

[Event "Stay Safe Play From Home 327"]
[Site "Mustafa Kemal Atatürk"]
[Date "2020.07.23"]
[Round "3"]
[White "Padmaesh M K"]
[Black "Greblha"]
[Result "0-1"]
[WhiteElo "1802"]
[BlackElo "1926"]
[Annotator "NA"]
[PlyCount "108"]
[EventDate "2020.07.23"]
[EventType "swiss (blitz)"]

1. Nf3 {[%emt 0:00:02]} c6 {[%emt 0:00:00]} 2. g3 {[%emt 0:00:02]} d5 {[%emt 0:00:00]} 3. Bg2 {[%emt 0:00:01]} Nf6 {[%emt 0:00:01]} 4. O-O {[%emt 0:00:01]} Bf5 {[%emt 0:00:02]} 5. c4 {[%emt 0:00:01]} e6 {[%emt 0:00:01]} 6. d4 {[%emt 0:00:02]} h6 {[%emt 0:00:01]} 7. Nc3 {[%emt 0:00:01]} Nbd7 {[%emt 0:00:01]} 8. cxd5 {[%emt 0:00:01]} exd5 {[%emt 0:00:01]} 9. Ne5 {[%emt 0:00:02]} Bd6 {[%emt 0:00:11]} 10. Bf4 {[%emt 0:00:03]} Qe7 {[%emt 0:00:16]} 11. Nxd7 {[%emt 0:00:11]} Nxd7 {[%emt 0:00:11]} 12. Bxd6 {[%emt 0:00:10]} Qxd6 {[%emt 0:00:01]} 13. f3 {[%emt 0:00:03]} O-O {[%emt 0:00:02]} 14. e4 {[%emt 0:00:01]} Bg6 {[%emt 0:00:04]} 15. exd5 {[%emt 0:00:05]} cxd5 {[%emt 0:00:03]} 16. f4 {[%emt 0:00:01]} Nb6 {[%emt 0:00:03]} 17. f5 {[%emt 0:00:06]} Bh7 {[%emt 0:00:08]} 18. Qb3 {[%emt 0:00:13]} Rad8 {[%emt 0:00:02]} 19. Rae1 {[%emt 0:00:02]} Rfe8 {[%emt 0:00:15]} 20. Rxe8+ {[%emt 0:00:04]} Rxe8 {[%emt 0:00:01]} 21. f6 {[%emt 0:00:16]} Bd3 {[%emt 0:00:10]} 22. Rd1 {[%emt 0:00:10]} Bc4 {[%emt 0:00:01]} 23. Qa3 {[%emt 0:00:08]} Qxa3 {[%emt 0:00:05]} 24. bxa3 {[%emt 0:00:01]} gxf6 {[%emt 0:00:03]} 25. a4 {[%emt 0:00:09]} Re3 {[%emt 0:00:04]} 26. Rc1 {[%emt 0:00:02]} a5 {[%emt 0:00:04]} 27. Rb1 {[%emt 0:00:17]} Rxc3 {[%emt 0:00:03]} 28. Rxb6 {[%emt 0:00:01]} Rc1+ {[%emt 0:00:08]} 29. Kf2 {[%emt 0:00:01]} Rc2+ {[%emt 0:00:01]} 30. Kg1 {[%emt 0:00:13]} Rxa2 {[%emt 0:00:02]} 31. Rxb7 {[%emt 0:00:04]} Ra1+ {[%emt 0:00:03]} 32. Kf2 {[%emt 0:00:01]} Rxa4 {[%emt 0:00:00]} 33. Rd7 {[%emt 0:00:09]} Ra2+ {[%emt 0:00:02]} 34. Kg1 {[%emt 0:00:03]} a4 {[%emt 0:00:08]} 35. Bxd5 {[%emt 0:00:01]} Bxd5 {[%emt 0:00:03]} 36. Rxd5 {[%emt 0:00:00]} a3 {[%emt 0:00:02]} 37. Ra5 {[%emt 0:00:01]} Ra1+ {[%emt 0:00:02]} 38. Kf2 {[%emt 0:00:00]} a2 {[%emt 0:00:01]} 39. Kf3 {[%emt 0:00:01]} Kf8 {[%emt 0:00:01]} 40. Kg2 {[%emt 0:00:01]} Ke7 {[%emt 0:00:01]} 41. d5 {[%emt 0:00:00]} Kd6 {[%emt 0:00:01]} 42. h4 {[%emt 0:00:01]} f5 {[%emt 0:00:01]} 43. Kh2 {[%emt 0:00:01]} f6 {[%emt 0:00:02]} 44. Kg2 {[%emt 0:00:01]} Ke5 {[%emt 0:00:01]} 45. Kh2 {[%emt 0:00:00]} h5 {[%emt 0:00:02]} 46. Kg2 {[%emt 0:00:01]} Kd6 {[%emt 0:00:01]} 47. Kh2 {[%emt 0:00:00]} Rd1 {[%emt 0:00:01]} 48. Kg2 {[%emt 0:00:00]} a1=Q {[%emt 0:00:04]} 49. Ra6+ {[%emt 0:00:00]} Kxd5 {[%emt 0:00:01]} 50. Rxa1 {[%emt 0:00:00]} Rxa1 {[%emt 0:00:01]} 51. Kh3 {[%emt 0:00:00]} Ra4 {[%emt 0:00:00]} 52. Kg2 {[%emt 0:00:01]} Ke5 {[%emt 0:00:00]} 53. Kf3 {[%emt 0:00:00]} Ra3+ {[%emt 0:00:01]} 54. Kg2 {[%emt 0:00:01]} f4 {[%emt 0:00:00] Time (Lag: Av=0.48s, max=1.5s)} 0-1

[Event "Stay Safe Play From Home 327"]
[Site "Mustafa Kemal Atatürk"]
[Date "2020.07.23"]
[Round "3"]
[White "Timbre"]
[Black "Klasman"]
[Result "1-0"]
[WhiteElo "1648"]
[BlackElo "1486"]
[Annotator "NA"]
[PlyCount "69"]
[EventDate "2020.07.23"]
[EventType "swiss (blitz)"]

1. d4 {[%emt 0:00:04]} f5 {[%emt 0:00:01]} 2. c3 {[%emt 0:00:01]} Nf6 {[%emt 0:00:01]} 3. Nf3 {[%emt 0:00:01]} e6 {[%emt 0:00:01]} 4. Bg5 {[%emt 0:00:03]} d5 {[%emt 0:00:02]} 5. e3 {[%emt 0:00:03]} c5 {[%emt 0:00:01]} 6. Nbd2 {[%emt 0:00:02]} Nbd7 {[%emt 0:00:04]} 7. Bb5 {[%emt 0:00:05]} Qb6 {[%emt 0:00:02]} 8. Bxd7+ {[%emt 0:00:03]} Nxd7 {[%emt 0:00:04]} 9. Rb1 {[%emt 0:00:03]} Bd6 {[%emt 0:00:07]} 10. O-O {[%emt 0:00:03]} Qc7 {[%emt 0:00:07]} 11. Bh4 {[%emt 0:00:03]} f4 {[%emt 0:00:05]} 12. exf4 {[%emt 0:00:03]} Bxf4 {[%emt 0:00:01]} 13. Bg3 {[%emt 0:00:02]} Nf6 {[%emt 0:00:04]} 14. dxc5 {[%emt 0:00:05]} Bxg3 {[%emt 0:00:04]} 15. hxg3 {[%emt 0:00:02]} Qxc5 {[%emt 0:00:01]} 16. Nb3 {[%emt 0:00:04]} Qd6 {[%emt 0:00:05]} 17. Nbd4 {[%emt 0:00:02]} e5 {[%emt 0:00:05]} 18. Nb5 {[%emt 0:00:06]} Qb6 {[%emt 0:00:11]} 19. a4 {[%emt 0:00:09]} a6 {[%emt 0:00:06]} 20. Na3 {[%emt 0:00:02]} Bg4 {[%emt 0:00:04]} 21. Qd2 {[%emt 0:00:09]} O-O {[%emt 0:00:05]} 22. Nxe5 {[%emt 0:00:03]} Bf5 {[%emt 0:00:09]} 23. Rbe1 {[%emt 0:00:11]} Rad8 {[%emt 0:00:12]} 24. Qg5 {[%emt 0:00:05]} Be4 {[%emt 0:00:27]} 25. Qd2 {[%emt 0:00:11]} Rfe8 {[%emt 0:00:15]} 26. Nf3 {[%emt 0:00:02]} Qe6 {[%emt 0:00:18]} 27. Ng5 {[%emt 0:00:05]} Qg4 {[%emt 0:00:03]} 28. Nxe4 {[%emt 0:00:07]} dxe4 {[%emt 0:00:03]} 29. Qf4 {[%emt 0:00:03]} Qxf4 {[%emt 0:00:03]} 30. gxf4 {[%emt 0:00:02]} Rd2 {[%emt 0:00:01]} 31. Nc4 {[%emt 0:00:03]} Rc2 {[%emt 0:00:03]} 32. Nd6 {[%emt 0:00:03]} Re6 {[%emt 0:00:03]} 33. Nxb7 {[%emt 0:00:02]} Rb6 {[%emt 0:00:03]} 34. Nc5 {[%emt 0:00:04]} Rbxb2 {[%emt 0:00:01]} 35. Nxe4 {[%emt 0:00:01] Time (Lag: Av=0.38s, max=0.6s) '} 1-0

[Event "Stay Safe Play From Home 327"]
[Site "Mustafa Kemal Atatürk"]
[Date "2020.07.23"]
[Round "3"]
[White "Justwatch"]
[Black "Lazieri3"]
[Result "0-1"]
[WhiteElo "1466"]
[BlackElo "2030"]
[PlyCount "42"]
[EventDate "2020.07.23"]
[EventType "swiss (blitz)"]

1. e4 {[%emt 0:00:01]} c6 {[%emt 0:00:19]} 2. Nf3 {[%emt 0:00:04]} d5 {[%emt 0:00:00]} 3. exd5 {[%emt 0:00:00]} cxd5 {[%emt 0:00:01]} 4. d4 {[%emt 0:00:00]} Nc6 {[%emt 0:00:00]} 5. Be3 {[%emt 0:00:00]} Nf6 {[%emt 0:00:01]} 6. Nbd2 {[%emt 0:00:00]} Bf5 {[%emt 0:00:00]} 7. Bb5 {[%emt 0:00:00]} e6 {[%emt 0:00:01]} 8. Bxc6+ {[%emt 0:00:00]} bxc6 {[%emt 0:00:01]} 9. Ne5 {[%emt 0:00:00]} Rc8 {[%emt 0:00:02]} 10. O-O {[%emt 0:00:02]} Bd6 {[%emt 0:00:00]} 11. c3 {[%emt 0:00:01]} O-O {[%emt 0:00:02]} 12. Ndf3 {[%emt 0:00:01]} h6 {[%emt 0:00:03]} 13. Qa4 {[%emt 0:00:01]} Qb6 {[%emt 0:00:02]} 14. Nh4 {[%emt 0:00:07]} Qxb2 {[%emt 0:00:04]} 15. Nxf5 {[%emt 0:00:04]} exf5 {[%emt 0:00:00]} 16. Nxc6 {[%emt 0:00:01]} Qxc3 {[%emt 0:00:11]} 17. Ne5 {[%emt 0:00:03]} Bxe5 {[%emt 0:00:04]} 18. dxe5 {[%emt 0:00:00]} Qxe5 {[%emt 0:00:01]} 19. Bd4 {[%emt 0:00:01]} Qd6 {[%emt 0:00:02]} 20. Rae1 {[%emt 0:00:01]} Ng4 {[%emt 0:00:02]} 21. h3 {[%emt 0:00:04]} Qh2# {[%emt 0:00:02] (Lag: Av=0.62s, max=1.1s)} 0-1

[Event "Stay Safe Play From Home 327"]
[Site "Mustafa Kemal Atatürk"]
[Date "2020.07.23"]
[Round "4"]
[White "Lazieri3"]
[Black "Timbre"]
[Result "1-0"]
[WhiteElo "2031"]
[BlackElo "1658"]
[Annotator "NA"]
[PlyCount "63"]
[EventDate "2020.07.23"]
[EventType "swiss (blitz)"]

1. e4 {[%emt 0:00:02]} c6 {[%emt 0:00:04]} 2. d4 {[%emt 0:00:01]} d5 {[%emt 0:00:01]} 3. Nc3 {[%emt 0:00:01]} dxe4 {[%emt 0:00:01]} 4. Nxe4 {[%emt 0:00:00]} Bf5 {[%emt 0:00:01]} 5. Ng3 {[%emt 0:00:01]} Bg6 {[%emt 0:00:01]} 6. Nf3 {[%emt 0:00:00]} Nd7 {[%emt 0:00:02]} 7. Bd3 {[%emt 0:00:00]} Ngf6 {[%emt 0:00:02]} 8. Bxg6 {[%emt 0:00:01]} hxg6 {[%emt 0:00:02]} 9. h3 {[%emt 0:00:00]} e6 {[%emt 0:00:01]} 10. O-O {[%emt 0:00:01]} Qc7 {[%emt 0:00:01]} 11. c3 {[%emt 0:00:03]} Bd6 {[%emt 0:00:02]} 12. Ne2 {[%emt 0:00:02]} Kf8 {[%emt 0:00:06]} 13. Ng5 {[%emt 0:00:04]} Kg8 {[%emt 0:00:04]} 14. Be3 {[%emt 0:00:06]} Rh5 {[%emt 0:00:05]} 15. Qc1 {[%emt 0:00:07]} Rf8 {[%emt 0:00:16]} 16. Re1 {[%emt 0:00:08]} Bh2+ {[%emt 0:00:08]} 17. Kf1 {[%emt 0:00:05]} Bd6 {[%emt 0:00:12]} 18. c4 {[%emt 0:00:06]} Bb4 {[%emt 0:00:04]} 19. Bd2 {[%emt 0:00:01]} Bxd2 {[%emt 0:00:04]} 20. Qxd2 {[%emt 0:00:00]} Qh2 {[%emt 0:00:03]} 21. Ng3 {[%emt 0:00:17]} Rxg5 {[%emt 0:00:24]} 22. Qxg5 {[%emt 0:00:00]} Nb6 {[%emt 0:00:03]} 23. b3 {[%emt 0:00:02]} Nbd7 {[%emt 0:00:12]} 24. Qf4 {[%emt 0:00:03]} c5 {[%emt 0:00:03]} 25. Qf3 {[%emt 0:00:03]} cxd4 {[%emt 0:00:05]} 26. Ke2 {[%emt 0:00:02]} Ne5 {[%emt 0:00:07]} 27. Qxb7 {[%emt 0:00:01]} d3+ {[%emt 0:00:16]} 28. Kd2 {[%emt 0:00:02]} Ned7 {[%emt 0:00:17]} 29. Rh1 {[%emt 0:00:02]} Qxg3 {[%emt 0:00:03]} 30. fxg3 {[%emt 0:00:01]} Ne5 {[%emt 0:00:03]} 31. Rae1 {[%emt 0:00:03]} Ned7 {[%emt 0:00:02]} 32. Kxd3 {[%emt 0:00:05] Timbre resigns ' (Lag: Av=0.56s, max=1.1s)} 1-0

[Event "Stay Safe Play From Home 327"]
[Site "Mustafa Kemal Atatürk"]
[Date "2020.07.23"]
[Round "4"]
[White "Greblha"]
[Black "Haris kollari 13"]
[Result "0-1"]
[WhiteElo "1937"]
[BlackElo "1844"]
[Annotator "NA"]
[PlyCount "108"]
[EventDate "2020.07.23"]
[EventType "swiss (blitz)"]

1. e4 {[%emt 0:00:01]} e6 {[%emt 0:00:01]} 2. Qe2 {[%emt 0:00:02]} b6 {[%emt 0:00:02]} 3. Nc3 {[%emt 0:00:02]} Bb7 {[%emt 0:00:01]} 4. g3 {[%emt 0:00:02]} e5 {[%emt 0:00:02]} 5. Bg2 {[%emt 0:00:02]} d6 {[%emt 0:00:01]} 6. d3 {[%emt 0:00:01]} f6 {[%emt 0:00:01]} 7. Nf3 {[%emt 0:00:01]} Ne7 {[%emt 0:00:01]} 8. Be3 {[%emt 0:00:02]} Nd7 {[%emt 0:00:01]} 9. O-O {[%emt 0:00:01]} Ng6 {[%emt 0:00:01]} 10. h3 {[%emt 0:00:02]} Be7 {[%emt 0:00:02]} 11. Nh2 {[%emt 0:00:01]} O-O {[%emt 0:00:02]} 12. f4 {[%emt 0:00:01]} Rf7 {[%emt 0:00:02]} 13. f5 {[%emt 0:00:01]} Ngf8 {[%emt 0:00:01]} 14. g4 {[%emt 0:00:01]} Rc8 {[%emt 0:00:02]} 15. Nd5 {[%emt 0:00:04]} Bxd5 {[%emt 0:00:02]} 16. exd5 {[%emt 0:00:01]} Nc5 {[%emt 0:00:04]} 17. b4 {[%emt 0:00:08]} Nb7 {[%emt 0:00:06]} 18. c4 {[%emt 0:00:02]} a5 {[%emt 0:00:05]} 19. a3 {[%emt 0:00:02]} Ra8 {[%emt 0:00:02]} 20. Nf3 {[%emt 0:00:11]} Nd7 {[%emt 0:00:01]} 21. Qd2 {[%emt 0:00:08]} Ra7 {[%emt 0:00:05]} 22. d4 {[%emt 0:00:14]} exd4 {[%emt 0:00:08]} 23. Nxd4 {[%emt 0:00:04]} Ne5 {[%emt 0:00:01]} 24. Nc6 {[%emt 0:00:09]} Qa8 {[%emt 0:00:05]} 25. Nxa7 {[%emt 0:00:04]} Qxa7 {[%emt 0:00:02]} 26. Qc3 {[%emt 0:00:09]} Qb8 {[%emt 0:00:15]} 27. Bd4 {[%emt 0:00:03]} Rf8 {[%emt 0:00:06]} 28. Rae1 {[%emt 0:00:05]} Re8 {[%emt 0:00:01]} 29. bxa5 {[%emt 0:00:09]} Nxa5 {[%emt 0:00:03]} 30. Bxe5 {[%emt 0:00:09]} fxe5 {[%emt 0:00:04]} 31. Be4 {[%emt 0:00:04]} Qa7 {[%emt 0:00:05]} 32. Kh2 {[%emt 0:00:02]} Qa6 {[%emt 0:00:02]} 33. Bd3 {[%emt 0:00:01]} Qa7 {[%emt 0:00:06]} 34. Rg1 {[%emt 0:00:03]} h6 {[%emt 0:00:04]} 35. Ref1 {[%emt 0:00:02]} Bf6 {[%emt 0:00:01]} 36. Qc1 {[%emt 0:00:02]} Nb7 {[%emt 0:00:05]} 37. Kg3 {[%emt 0:00:07]} Nc5 {[%emt 0:00:01]} 38. Bc2 {[%emt 0:00:02]} Qa6 {[%emt 0:00:03]} 39. Bb1 {[%emt 0:00:10]} e4 {[%emt 0:00:03]} 40. h4 {[%emt 0:00:03]} Nb3 {[%emt 0:00:15]} 41. Qe3 {[%emt 0:00:07]} Qxc4 {[%emt 0:00:18]} 42. g5 {[%emt 0:00:02]} hxg5 {[%emt 0:00:02]} 43. hxg5 {[%emt 0:00:01]} Be5+ {[%emt 0:00:01]} 44. Qf4 {[%emt 0:00:01]} Bxf4+ {[%emt 0:00:02]} 45. Rxf4 {[%emt 0:00:00]} Qc3+ {[%emt 0:00:02]} 46. Kg4 {[%emt 0:00:01]} Nd2 {[%emt 0:00:01]} 47. Rg3 {[%emt 0:00:02]} e3 {[%emt 0:00:02]} 48. Be4 {[%emt 0:00:02]} Rxe4 {[%emt 0:00:03]} 49. f6 {[%emt 0:00:00]} Rxf4+ {[%emt 0:00:02]} 50. Kxf4 {[%emt 0:00:00]} Qd4+ {[%emt 0:00:01]} 51. Kf5 {[%emt 0:00:02]} Qxd5+ {[%emt 0:00:01]} 52. Kg6 {[%emt 0:00:01]} Qf7+ {[%emt 0:00:04]} 53. Kf5 {[%emt 0:00:01]} e2 {[%emt 0:00:01]} 54. Re3 {[%emt 0:00:01]} Qd5+ {[%emt 0:00:03] Zeit (Lag: Av=0.37s, max=0.6s)} 0-1